Statistics for Noun or Verb Puzzle #3

Click here to take the quiz!

General Stats

  • This quiz has been taken 128 times
  • The average score is 13 of 20

Answer Stats

Answer % Correct
Pack
92%
Bail
87%
Drive
85%
Book
85%
Iron
82%
Judge
80%
Wire
75%
Mine
72%
Grill
72%
Hide
67%
Pass
66%
Lift
63%
State
63%
Address
60%
Trust
58%
Show
55%
Tail
54%
Flash
52%
Moor
39%
Charge
28%

Score Distribution

Percentile by Number Answered

Percent of People with Each Score

Your Score History

You have not taken this quiz